Dislexias : Diagnóstico, recuperación y prevención /

El de dislexias es un término que concita el máximo interés educativo, por cuanto numerosos problemas de los que hoy se viven en la escuela tienen origen en la lectura, en la escritura, en la ortografía... Todos ellos reciben esta caracterización, la cual aquí se afronta al objeto de que los maestro...

Descripción completa

Detalles Bibliográficos
Autor principal: García Mediavilla, Luis
Otros Autores: Martínez González, María de Codés, Quintanal Díaz, José
Formato: Libro
Lenguaje:español
Publicado: Madrid, España UNED 2000
Colección:Aula abierta
Materias:
Acceso en línea:

MARC

LEADER 00000cam a2200000 a 4500
001 015593
003 UAHC_CL
005 20170803121253.0
008 060320b2000 sp 000 spa
020 |a 8436240375 
040 |a UAHC_CL  |c UAHC_CL  |d UAHC_CL 
100 1 |a García Mediavilla, Luis 
245 1 0 |a Dislexias :  |b Diagnóstico, recuperación y prevención /  |c Luis García Mediavilla, María de Codés Martínez González, José Quintanal Díaz. 
260 |b UNED  |c 2000  |a Madrid, España 
300 |a 351 p. 
490 0 |a Aula abierta 
520 |a El de dislexias es un término que concita el máximo interés educativo, por cuanto numerosos problemas de los que hoy se viven en la escuela tienen origen en la lectura, en la escritura, en la ortografía... Todos ellos reciben esta caracterización, la cual aquí se afronta al objeto de que los maestros, preocupados por la problemática que sufren sus alumnos, e inquietos por solucionarlos, puedan satisfacer estas necesidades con rigor y efectividad. La dislexia, la disgrafía y la disortografía son las dificultades que en este libro encuentran sentido, explicación e interpretación y, a las que se trata de dar respuesta con programas de actuación directa. Los autores, desde su experiencia en el aula y en la investigación, han sabido referenciar el estudio actual del problema, de modo, que en este libro, teoría y práctica, obtienen identidad diferenciada y complementaria. 
521 |a Trastornos específicos del aprendizaje 
650 4 |a DISLEXIA 
653 |a PEDAGOGIA EN EDUCACION DIFERENCIAL 
700 1 |a Martínez González, María de Codés 
700 1 |a Quintanal Díaz, José 
900 |a 371.9144 GAR 
942 |c BK 
952 |0 0  |1 0  |4 0  |6 371_914400000000000_GAR  |7 0  |8 General  |9 31102  |a BC  |b BC  |c General  |d 2017-08-03  |o 371.9144 GAR  |p 1352478  |r 2026-01-13 00:00:00  |t 1  |w 2017-08-03  |y BK 
952 |0 0  |1 0  |4 0  |6 371_914400000000000_GAR  |7 0  |8 General  |9 31103  |a BC  |b BC  |c General  |d 2017-08-03  |o 371.9144 GAR  |p 1352479  |r 2026-01-13 00:00:00  |t 2  |w 2017-08-03  |y BK 
999 |c 15593  |d 15593